000 00304cam a22000977a 4500
008 180718b1985 xxu||||| |||| 00| 0 eng d
082 _aRx54 In2 lw
245 _aLabour and labour welfare
_cby Lok Sabha Secretariat
260 _aNew Deli
_bLok Sabha Secretariat
_c1985
700 _aIndia. Lok Sabha Secretariat
999 _c495909
_d495909